00832pam a2200181 a 450008200200000024502040002026000530022430000340027749000540031152600370036565000130040265000340041570000310044970000240048094200120050499900190051695201150053500a359.009bMAHcD04aThe Influence of history on Mahan :bthe proceedings of a conference marking the centenary of Alfred Thayer Mahan's The influence of sea power upon history, 1660-1783 /cedited by John B. Hattendorf. aNewport, R.I. :bNaval War College Press,c1991. avii, 557 p. :bill. ;c23 cm.1 aHistorical monograph series / Naval War College ; a0b0c0d359_009000000000000_MAH 0aMCE9379 0aSea-powerxCongresses.9497251 aHattendorf, John B.9497261 aMahan, A. T.949706 2ddccBK c552502d552502 00102ddc4070aMCEbMCEcArchive Sectiond2015-01-16l0o359.009 MAHpMCE-ECI/52r2015-01-16w2015-01-16yBK